|
|
|
|
| LEADER |
01397nam a22003612i 4500 |
| 001 |
001594106 |
| 003 |
CZ BrMZK |
| 005 |
20180110103533.0 |
| 007 |
ta |
| 008 |
170911s1971 xo er|||||||||||slo d |
| 040 |
|
|
|a ABA001
|b cze
|c ABA001
|d ABA001
|d BOA001
|e rda
|
| 043 |
|
|
|a e-xo---
|
| 072 |
|
7 |
|a 654
|x Telekomunikace a dálkové řízení
|2 Konspekt
|9 4
|
| 080 |
|
|
|a 654.197
|2 MRF
|
| 080 |
|
|
|a 373.3
|2 MRF
|
| 080 |
|
|
|a (437.6)
|2 MRF
|
| 080 |
|
|
|a (072)
|2 MRF
|
| 245 |
0 |
0 |
|a Plán vysielania Slovenskej televízie pre školy a metodické listy k reláciam na 2. polrok školského roku 1970-1971 pre 4. až 5. ročník ZDŠ /
|c redakcie Ján Máťuš
|
| 264 |
|
1 |
|a Banská Bystrica :
|b Učebné pomôcky,
|c 1971
|
| 300 |
|
|
|a 33 stran ;
|c 8°
|
| 336 |
|
|
|a text
|b txt
|2 rdacontent
|
| 337 |
|
|
|a bez média
|b n
|2 rdamedia
|
| 338 |
|
|
|a svazek
|b nc
|2 rdacarrier
|
| 650 |
0 |
7 |
|a televizní vysílání
|z Slovensko (Československo)
|7 ph126525
|2 czenas
|
| 650 |
0 |
7 |
|a televizní pořady
|z Slovensko (Československo)
|7 ph126513
|2 czenas
|
| 650 |
0 |
7 |
|a základní školy
|z Slovensko (Československo)
|7 ph116795
|2 czenas
|
| 653 |
0 |
|
|a vysílání pro školy
|
| 655 |
|
7 |
|a metodické příručky
|7 fd132826
|2 czenas
|
| 700 |
1 |
|
|a Máťuš, Ján
|4 edt
|
| 910 |
|
|
|a BOA001
|b X-0669.821
|
| 990 |
|
|
|a BK
|
| 991 |
|
|
|b 201709
|
| 996 |
7 |
|
|b 2618910991
|c X-0669.821
|l MZK
|r Sklad / do 24 hodin
|n 0
|w 001629466
|u 000010
|a 1
|e BOA001
|j MZK50
|s A
|